000 00522pab a2200181 454500
008 180718b2015 xxu||||| |||| 00| 0 eng d
100 _aBirch, Sarah
245 _aShould 16 years- olds be allowed to vote in Westminister elections? public opinion and electoral franchise reform
260 _c2015
300 _ap.291-313.
362 _aApr
650 _aElectoral systems
650 _aElections
700 _aWhiteley, Paul
700 _aClarke, Harold D.
773 _aParliamentary Affairs
909 _a108140
999 _c108135
_d108135